| 000 | 00392nam a2200133Ia 4500 | ||
|---|---|---|---|
| 008 | 231129s2011||||xx |||||||||||||| ||spa|| | ||
| 020 | _a978-958-988445-9-1 | ||
| 040 | _bspa | ||
| 082 | _a(i) 658.11 T161 | ||
| 245 | 0 | _aTan distintos y parientes: Las relaciones de las cosas | |
| 260 | _c2011 | ||
| 264 | _aFundación secretos para contar | ||
| 942 |
_2ddc _cBKS |
||
| 999 |
_c24994 _d24994 |
||